00530 a2200181 450000500170000001000150001702000300003203500140006203700160007608200110009210000180010324500280012125000090014926000490015827000950020730000270030270000190032920211208144322.0 aENG-130236 c995.00a978-81-949286-9-0 aEN-113768 bDBAD / PUB a658.15 aBagri, Pramod aCFO NITI:cPramod Bagri a2021 aNew DelhibKonark Publishers Pvt. Ltd.c2021 bNew Delhie110049a206, First Floor, Peacock Lane, Shahpur Jatmindia@konarkpublishers.com axxi, 267p.c24cm (hbk) aKumar, Sandeep